00459 2200181 4500001002100000005001500021035002000036007000300056008004100059020001800100082001300118084002300131100001600154245003900170260003600209300001600245990001600261INLIS00000000000222720260305104138 a0010-0326000175ta260305 g 0 ind  a9786231893529 a920.0598 a920.0598 RIZ s.c.10 aRizem Aizid1 aSelayang Pandang K.H Hasyim Muzadi aYogyakarta :bDiva Press,c2024 a99 ;c20 cm a2026/P/0249